| 000 | 00535 a2200145 4500 | ||
|---|---|---|---|
| 040 | _aDLC | ||
| 082 | _a005.4769 | ||
| 100 | _aMicrosoft | ||
| 245 |
_aSupporting Microsoft Windows NT Server 4.0 Enterprise Technologies : student Lab Manual _cstudent Lab Manual _hMicrosoft |
||
| 260 |
_aIslamabad: _b National Book Foundation, _c1999. |
||
| 300 |
_avii, 277 p. : _bill. ; _c 27 cm. |
||
| 500 | _aIncludes Index | ||
| 650 | _a1.Microsoft windows NT.2.Operating systems (Copmuters).3.Client/server Computing. | ||
| 942 |
_cBK _k005.4769 MIC _2ddc |
||
| 999 |
_c6316 _d6316 |
||